LEADER 01563nam1 2200277 i 450 001 VAN0003522 005 20140625103013.508 020 $aIT$b2001 3552 100 $a20020711f |0itac50 ba 101 $aita 102 $aIT 105 $a|||| ||||| 200 1 $aˆLe ‰recenti modifiche al Codice di procedura penale$ecommento alla Legge 16 dicembre 1999, n. 479 (c.d. Legge Carotti) integrata e corretta dal Decreto-legge 7 aprile 2000, n. 82 convertito, con modificazioni, in Legge 5 giugno 2000, n. 144 210 $aMilano$cGiuffrè 215 $av.$d24 cm. 463 1$1001VAN0003599$12001 $aˆ1: Le ‰innovazioni in tema di indagini e di udienza preliminare$fTeresa Bene ... [et al.]$ga cura di Luigi Kalb$1210 $aMilano$cGiuffrè$d[2000]$1215 $aXI, 562 p.$d24 cm.$v1 463 1$1001VAN0003523$12001 $aˆ2: Le ‰innovazioni in tema di giudizio$fMichele Curtotti ... [et al.]$ga cura di Guido Pierro$1210 $aMilano$cGiuffrè$d[2000]$1215 $aVII, 223 p.$d24 cm.$v2 463 1$1001VAN0003524$12001 $aˆ3: Le ‰innovazioni in tema di riti alternativi$fGiuseppe Della Monica ... [et al.]$ga cura di Rosalba Normando$1210 $aMilano$cGiuffrè$d[2000]$1215 $aVII, 273 p.$d24 cm.$v3 606 $aCodice di procedura penale$xModifiche$3VANC002429$2FI 620 $dMilano$3VANL000284 676 $a345.4505$cProcedura penale - Italia$v21 712 $aGiuffrè $3VANV109181$4650 801 $aIT$bSOL$c20230616$gRICA 912 $aVAN0003522 996 $aRecenti modifiche al Codice di procedura penale$9880205 997 $aUNICAMPANIA LEADER 02388nam0 22005173i 450 001 VAN00297304 005 20250730032844.997 017 70$2N$a9783642592683 100 $a20250730d1997 |0itac50 ba 101 $aeng 102 $aDE 105 $a|||| ||||| 181 $ai$b e 182 $ab 183 $acr 200 1 $aIndustrial Statistics$eAims and Computational Aspects$eProceedings of the Satellite Conference to the 51. Session of the International Statistical Institute (ISI), Athens, Greece, August 16-17, 1997$fChristos P. Kitsos, Lutz Edler (eds.) 210 $aBerlin$aHeidelberg$cSpringer$d1997 215 $avii, 273 p.$cill.$d24 cm 410 1$1001VAN00103344$12001 $aContributions to Statistics$1210 $aBerlin [etc.]$cSpringer 606 $a00B25$xProceedings of conferences of miscellaneous specific interest [MSC 2020]$3VANC020732$2MF 606 $a62-XX$xStatistics [MSC 2020]$3VANC022998$2MF 606 $a62P20$xApplications of statistics to economics [MSC 2020]$3VANC026444$2MF 606 $a62P30$xApplications of statistics in engineering and industry; control charts [MSC 2020]$3VANC030774$2MF 606 $a91-XX$xGame theory, economics, finance, and other social and behavioral sciences [MSC 2020]$3VANC025601$2MF 610 $aAnalysis$9KW:K 610 $aMeasure$9KW:K 610 $aMultivariate statistics$9KW:K 610 $aPermutation$9KW:K 610 $aQuality assurance$9KW:K 610 $aRandom variables$9KW:K 610 $aStatistical Methods$9KW:K 610 $aStatistical computing$9KW:K 610 $aStochastic processes$9KW:K 620 $dBerlin$3VANL000066 620 $aDE$dHeidelberg$3VANL000282 702 1$aEdler$bLutz$3VANV252968$4340 702 1$aKitsos$bChristos P.$3VANV087637$4340 712 $aSpringer $3VANV108073$4650 801 $aIT$bSOL$c20251003$gRICA 856 4 $uhttps://doi.org/10.1007/978-3-642-59268-3$zE-book ? Accesso al full-text attraverso riconoscimento IP di Ateneo, proxy e/o Shibboleth 899 $aBIBLIOTECA DEL DIPARTIMENTO DI MATEMATICA E FISICA$1IT-CE0120$2VAN08 912 $fN 912 $aVAN00297304 950 $aBIBLIOTECA DEL DIPARTIMENTO DI MATEMATICA E FISICA$d08DLOAD e-Book 12348 $e08eMF12348 20250929 996 $aIndustrial statistics$9415828 997 $aUNICAMPANIA